000 00412nam a22001697a 4500
003 OSt
005 20220203083107.0
008 220203b |||||||| |||| 00| 0 eng d
020 _a978.9350244371
040 _cH U
082 _a658.32
100 _aBHATIA ,KANCHAN
_929541
245 _aCOMPENSATION MANAGEMENT
260 _aNAGPUR
_bHIMALAYA PUBLISHING HO
_c2011
300 _a188
942 _2ddc
_cBOOKS
_n0
999 _c29021
_d29021